000 003240000a22001450004500
001 005887
003 MACL
040 _aMACL
090 _c13059
_d13058
245 _aQurrat un Nazir
_bNaqvi Molvi Zulfiqar Ahmad
260 _aMatba Sultani Bhopal,
_c1919
350 _a2.50
650 _aUrdu Literature
942 _k891
_cBook
999 _c12986
_d12986